Представление документа в формате MARC21

Поле Инд. ПП Название Значение
Тип записи a
Библиографический уровень m
001 Контрольный номер RU/IS/BASE/193749630
005 Дата корректировки 20230621092856.7
040 b Код языка каталог. rus
041 0_ a Код языка текста rus
080 a Индекс УДК 004.42
084 a Индекс другой классификации/Индекс ББК 32.973
090 a Полочн. индекс 681.3
x Авторский знак А22
097 b Оператор 11
245 10 a Заглавие Автоматическое программирование, численные методы и функциональный анализ
b Продолж. заглавия сборник работ
c Ответственность под ред. В. Н. Фаддеевой
260 a Место издания Л.
b Издательство Наука
c Дата издания 1968
300 a Объем 263 с.
b Иллюстрации/ тип воспроизводства черт.
510 0_ a Примечание о ссылках Книги и методические пособия
650 04 a Основная рубрика 27.39 Функциональный анализ
a Основная рубрика 50.05 Теоретические основы программирования
x Основная подрубрика 27.41.17 Численные методы анализа
x Основная подрубрика 50.05.03 Общетеоретические вопросы программирования
650 14 a Основная рубрика 27.41 Вычислительная математика
653 0_ a Ключевые слова программирование; вычислительные машины; численные методы; математический анализ
901 t Тип документа m